=LDR 00000nam 2200000 4500 =001 INLIS000000000006473 =005 20251110103652 =035 ##$$a 0010-1125000347 =007 ta =008 251110###########################0#ind## =082 ##$$a 331.544 =084 ##$$a 331.544 MIC m =100 #$$a Michael Lipton =245 1#$$a Migration From Rural Areas Of Poor Countries: The Impact On Rural Productivity and Income Distribution /$c Badan Koordinasi Keluarga Berencana Nasional =260 ##$:$b Badan Koordinasi Keluarga Berencana Nasional,$c 1980 =300 ##$$a 24 Hal : $b Ilus ; $c 21 =650 #4$$a Keluarga Berencana =856 ##$$a Perpustakaan Kemendukbangga